| 000 | 00993nam a2200253 a 4500 | ||
|---|---|---|---|
| 003 | CBULib | ||
| 005 | 20240408124543.0 | ||
| 008 | 210906s2021 ||||||||||||||||| || u | ||
| 020 | _a9789211130157 | ||
| 040 |
_aCBULib _bEnglish _cCBULib _dCBULib _erda |
||
| 041 | _aeng | ||
| 050 | _aUNCTAD(02)2021/4 | ||
| 110 |
_aUnited Nations Conference on Trade and Development (UNCTAD) _9359 |
||
| 245 | 1 | 0 |
_aTeaching material on trade and gender. Volume 1: unfolding the links : module 4E trade and gender linkages : an analysis of least developed countries _c/ by United Nations Conference on Trade and Development(UNCTAD) |
| 260 |
_aGeneva : _bUnited Nations, _c2021. |
||
| 300 | _a58 pages : illustrations | ||
| 336 |
_aText | _2rdacontent _btxt |
||
| 337 |
_aUnmediated | _2rdamedia _bn |
||
| 338 |
_aVolume _2rdacarrier _bnc |
||
| 650 | 0 | _aWOMEN-- ECONOMIC CONDITIONS | |
| 650 | 0 | _aWOMEN--SOCIAL CONDITIONS | |
| 942 |
_2mc _c029 |
||
| 999 |
_c59487 _d59487 |
||